Sistema mexicano de defensa contra prácticas desleales de comercio internacional : información básica /

Đã lưu trong:
Chi tiết về thư mục
Tác giả của công ty: México
Định dạng: Sách
Ngôn ngữ:Tiếng Tây Ban Nha
Phiên bản:3a edición
Những chủ đề:
Các nhãn: Thêm thẻ
Không có thẻ, Là người đầu tiên thẻ bản ghi này!

MARC

LEADER 00000nam^a2200000^a^4500
001 000063979
005 20250521000000.0
009 20260310091047.539
037 |a Acervo ITESO - Biblioteca 
041 |a ESP 
082 |a 346. 720725  |b MEX 
110 |a México 
245 1 0 |a Sistema mexicano de defensa contra prácticas desleales de comercio internacional :  |b información básica /  |c México. 
250 |a 3a edición 
264 |a México :  |b Secretaría de Comercio y Fomento Industrial,  |c fecha no identificada 
300 |a 120 p. 
336 |a texto  |b txt  |2 rdacontenido 
337 |a sin mediación  |b n  |2 rdamedio 
338 |a volumen  |b nc  |2 rdasoporte 
649 |a XX 
650 |a Dumping 
650 |a Arbitraje 
650 |a Comercio Internacional 
650 |a Competencia Internacional (Economía) 
650 |a Transnacionales 
650 |a Economía 
650 |a Derecho Mercantil -  |z México -  |x Leyes y Reglamentos 
650 |a Derecho Internacional Público 
910 |a Fondo General 
920 |a Impresos - Libros 
930 |a Colección General 
905 |a 101 
901 |a 0500017765  |b IT1  |c ACC  |u 20250521 
902 |a https://opac.biblio.iteso.mx/vufind/Record/000063979